000 01304cam a2200361 a 4500
001 1844416
003 ARRUPE
005 20211027112548.0
008 810812s1981 nyua b 001 0 eng
010 _a 81066099
020 _a046504624X
040 _aDLC
_cDLC
_dDLC
050 0 0 _aB29
_b.H58
082 0 0 _a126
_219
100 1 _aHofstadter, Douglas R.,
_d1945-
_950489
245 1 4 _aThe mind's I :
_bfantasies and reflections on self and soul /
_ccomposed and arranged by Douglas R. Hofstadter and Daniel C. Dennett.
260 _aNew York :
_bBasic Books,
_cc1981.
300 _avii, 501 p. :
_bill. ;
_c24 cm.
500 _aIncludes selected writings of Jorge Luis Borges and others with relections by the authors.
500 _aIncludes index.
504 _aBibliography: p. [465]-482.
650 0 _aSelf (Philosophy)
_917967
650 0 _aSelf (Philosophy)
_vLiterary collections.
_950728
650 0 _aIntellect.
_914396
650 0 _aIntellect
_vLiterary collections.
_950729
650 0 _aConsciousness.
650 0 _aConsciousness
_vLiterary collections.
_950730
650 0 _aSoul.
_932846
650 0 _aSoul
_vLiterary collections.
_950731
700 1 _aDennett, D. C.
_q(Daniel Clement)
_914547
906 _a7
_bcbc
_corignew
_d1
_eopcn
_f19
_gy-gencatlg
942 _2lcc
_cMONOGRAPH
999 _c131002
_d131002